[Event "Asia-ch U10"]
[Site "Ulaanbaatar"]
[Date "2016.04.08"]
[Round "3.4"]
[White "Nguyen, Quoc Hy"]
[Black "Ng, Sheng Feng"]
[Result "1-0"]
[WhiteElo "1865"]
[BlackElo "1617"]
[PlyCount "157"]
[EventDate "2016.04.06"]
[EventType "swiss"]
[EventRounds "9"]
[EventCountry "MGL"]
[SourceTitle "EXT 2022"]
[Source "ChessBase"]
[SourceDate "2021.10.06"]
[SourceVersion "1"]
[SourceVersionDate "2021.10.06"]
[SourceQuality "1"]

1. e4 c5 2. Nc3 e6 3. f4 Nc6 4. Bb5 Nge7 5. Nf3 d5 6. Ne5 Bd7 7. exd5 Nxd5 8. Bxc6 Bxc6 9. Nxc6 bxc6 10. 0-0 Bd6 11. Qg4 Qf6 12. Kh1 Qg6 13. Qxg6 hxg6 14. g3 Kd7 15. Kg2 Nb4 16. d3 Nxc2 17. Rb1 Nb4 18. Rd1 Rad8 19. Ne4 Nd5 20. Bd2 Ke7 21. Rbc1 Rb8 22. b3 Rb5 23. Rc4 Nf6 24. Rdc1 Rd8 25. Be3 Nd5 26. Bf2 Ke8 27. Ra4 a5 28. Nxd6+ Rxd6 29. Rxc5 Nb4 30. Rxb5 cxb5 31. Rxa5 Nxd3 32. Rxb5 Nxf2 33. Kxf2 Rd2+ 34. Ke3 Rxa2 35. h4 Ke7 36. Rb7+ Kf6 37. g4 g5 38. hxg5+ Kg6 39. b4 Rb2 40. b5 f6 41. gxf6 gxf6 42. b6 Rb3+ 43. Kd4 Rb4+ 44. Kc5 Rxf4 45. Rg7+ Kxg7 46. b7 Rxg4 47. b8Q Kg6 48. Kd6 Kf5 49. Qc8 Re4 50. Ke7 Re3 51. Qe8 e5 52. Qh5+ Ke4 53. Kxf6 Kd3 54. Qd1+ Ke4 55. Ke6 Kf4 56. Qf1+ Ke4 57. Qc4+ Kf3 58. Kf5 Re2 59. Qg4+ Kf2 60. Qh4+ Kg2 61. Qh5 Kf2 62. Kg4 e4 63. Qf5+ Ke3 64. Qf4+ Kd3 65. Qd6+ Ke3 66. Kg3 Rd2 67. Qc5+ Rd4 68. Kg2 Kd3 69. Kf1 e3 70. Qb5+ Ke4 71. Ke1 Rd5 72. Qc6 Kd4 73. Ke2 Re5 74. Qc2 Kd5 75. Qa4 Re6 76. Qd7+ Rd6 77. Qf5+ Kd4 78. Qf4+ Kd5 79. Kxe3 1-0